[Event "CHN-ch"]
[Site "Hangzhou"]
[Date "2019.05.18"]
[Round "7"]
[White "Liu, Yan"]
[Black "Wen, Yang"]
[Result "1-0"]
[WhiteElo "2502"]
[BlackElo "2602"]
[PlyCount "67"]
[EventDate "2019.05.11"]
[EventType "tourn"]
[EventRounds "11"]
[EventCountry "CHN"]
[EventCategory "12"]
[SourceTitle "CBM 190"]
[Source "ChessBase"]
[SourceDate "2019.06.30"]
[SourceVersion "1"]
[SourceVersionDate "2019.06.30"]
[SourceQuality "1"]

1. d4 g6 2. Nf3 Bg7 3. g3 c5 4. Bg2 cxd4 5. Nxd4 Nc6 6. c3 Nf6 7. e4 O-O 8. O-O d6 9. h3 Bd7 ({RR} 9... e5 10. Nc2 Be6 11. Ne3 Qd7 12. Kh2 b5 13. Na3 Rab8 14. b3 b4 15. Nac4 bxc3 16. Ba3 Nb4 17. Bxb4 Rxb4 18. Qd3 Bh6 19. Qxc3 Rfb8 20. Rad1 Bxe3 21. Nxe5 Qb5 22. Nd3 Bg5 23. f4 Rxe4 24. Bxe4 {Liu,Y (2504)-Jumabayev,R (2625) Xingtai 2019 1-0 (36)}) 10. Be3 Qc8 ({RR} 10... a6 11. Nd2 Rc8 12. N2b3 b5 13. Rc1 Ne5 14. Nd2 Qc7 15. Qe2 Nc4 16. Nxc4 bxc4 17. f4 e5 18. Nc2 Nh5 19. Kh2 f5 20. exf5 Bxf5 21. Nb4 exf4 22. Bxf4 Nxf4 23. Rxf4 Kh8 24. Nd5 Qc5 25. Re1 {Venskaya,N (1871)-Priyanka,N (2292) FIDE Online Arena INT 2024 0-1 (42)}) 11. Kh2 Rd8 12. Na3 $146 ({RR} 12. b3 Be8 13. c4 b5 14. Na3 bxc4 15. Rc1 d5 16. exd5 Nxd5 17. Nxc4 Qa6 18. Nxc6 Nxe3 19. Nxe3 Rxd1 20. Nxe7+ Kf8 21. Rfxd1 Rb8 22. Nc6 Rc8 23. Nb4 Qe6 24. Bd5 Qd7 25. Bc4 Qe7 26. Nbd5 Qe5 {Pohjala,H (2361)-Kulaots,K (2557) Jyvaskyla 2014 0-1 (65)}) 12... Rb8 13. c4 a6 14. Rc1 Nxd4 15. Bxd4 Bc6 16. Re1 Qd7 17. Bb6 Rdc8 18. Nb1 h5 19. Nc3 h4 20. g4 Bh6 21. Rc2 Ne8 22. Ne2 e5 23. Nc3 Qe6 24. Nd5 Bxd5 25. exd5 Qe7 26. b4 Nf6 27. c5 e4 28. Kg1 Nd7 29. Rxe4 Qf6 30. Ba7 Ra8 31. c6 bxc6 32. Bd4 Ne5 33. dxc6 Bf4 34. c7 1-0

[Event "Hengshui IMSA rapid"]
[Site "Hengshui"]
[Date "2019.05.16"]
[Round "10"]
[White "Bu, Xiangzhi"]
[Black "Gelfand, Boris"]
[Result "1-0"]
[WhiteElo "2722"]
[BlackElo "2719"]
[PlyCount "73"]
[EventDate "2019.05.14"]
[EventType "swiss (rapid)"]
[EventRounds "11"]
[EventCountry "CHN"]
[SourceTitle "CBM 190 Extra"]
[Source "ChessBase"]
[SourceDate "2019.07.15"]
[SourceVersion "1"]
[SourceVersionDate "2019.07.15"]
[SourceQuality "1"]

1. Nf3 d5 2. g3 g6 3. Bg2 Bg7 4. O-O e5 5. d3 Ne7 6. e4 O-O 7. exd5 Nxd5 8. Re1 Nc6 9. Nc3 Nxc3 ({RR} 9... Nde7 10. Rb1 a5 11. a3 Re8 12. b4 axb4 13. axb4 Nf5 14. Bg5 f6 15. Bd2 Be6 16. b5 Nce7 17. g4 Nd4 18. Nxd4 Qxd4 19. Bxb7 Bxg4 20. Bf3 Bxf3 21. Qxf3 Ra3 22. b6 c6 23. Ne4 Nf5 24. Bb4 {Carlsen,M (2832)-Nakamura,H (2786) Chess.com INT 2018 1-0}) 10. bxc3 Rb8 11. Rb1 ({RR} 11. Bg5 f6 12. Be3 Be6 13. d4 e4 14. Nd2 f5 15. f3 exf3 16. Qxf3 Na5 17. d5 Bf7 18. Bxa7 Ra8 19. Bc5 Re8 20. Qd3 Qd7 21. Bb4 b6 22. d6 Rad8 23. Rxe8+ Qxe8 24. Nf3 Bc4 25. Qd2 cxd6 {Jumabayev,R (2573)-Ohanyan,E (2514) New York USA 2024 ½-½ (82)}) 11... b6 12. Bg5 $146 ({RR} 12. Nd2 Bb7 13. h4 Ne7 14. Bxb7 Rxb7 15. c4 Qd7 16. Qf3 Rbb8 17. Bb2 Nc6 18. h5 Rfe8 19. Ne4 Qf5 20. Qxf5 gxf5 21. Nc3 Nd4 22. Rec1 e4 23. Kg2 c6 24. dxe4 fxe4 25. Re1 f5 26. Ne2 Nf3 {Caruana,F (2795)-So,W (2773) Saint Louis 2016 0-1 (62)}) 12... f6 13. Be3 Be6 14. c4 Qd7 15. Qc1 Rbd8 16. Qa3 e4 17. dxe4 Bxc4 18. h4 Rfe8 19. Kh2 Bf7 20. Rbd1 Qe6 21. Rd5 Qe7 22. Qa4 Bxd5 23. exd5 Ne5 24. Nd4 Qd7 25. Qb3 Ng4+ 26. Kg1 Nxe3 27. Rxe3 Rxe3 28. Qxe3 Re8 29. Ne6 c6 30. dxc6 Qd1+ 31. Kh2 Qxc2 32. c7 Bf8 33. Qd4 Rxe6 34. Qd7 Re8 35. Bd5+ Kh8 36. Qxe8 Qxf2+ 37. Bg2 1-0

[Event "chess.com Speed U20"]
[Site "Chess.com INT"]
[Date "2019.05.31"]
[Round "1.5"]
[White "Maghsoodloo, Parham"]
[Black "Moroni, Luca Jr"]
[Result "1-0"]
[WhiteElo "2671"]
[BlackElo "2553"]
[PlyCount "84"]
[EventDate "2019.05.16"]
[EventType "k.o. (blitz)"]
[EventRounds "4"]
[EventCountry "USA"]
[SourceTitle "EXT 2020"]
[Source "ChessBase"]
[SourceDate "2019.10.17"]
[SourceVersion "1"]
[SourceVersionDate "2019.10.17"]
[SourceQuality "1"]

1. Nf3 Nf6 2. g3 d5 3. Bg2 e6 4. O-O c5 5. c3 ({RR} 5. b3 Nc6 6. Bb2 Bd6 7. d4 O-O 8. c4 dxc4 9. bxc4 Na5 10. Nbd2 cxd4 11. Nxd4 Bd7 12. N4b3 Be7 13. Nxa5 Qxa5 14. Bxb7 Rad8 15. Qc2 Qh5 16. Bxf6 Bxf6 17. Bf3 Qa5 18. Nb3 Qa3 19. Rad1 Ba4 {Meier,G (2613)-Jumabayev,R (2628) Chess.com INT 2022 0-1}) ({RR} 5. a4 Nc6 6. d3 Be7 7. Nbd2 b6 8. e4 Bb7 9. Re1 Qc7 10. exd5 Nxd5 11. Nc4 O-O 12. h4 a6 13. h5 h6 14. c3 Bf6 15. Nh2 b5 16. Ne3 Nxe3 17. Bxe3 Be7 18. Ng4 Rfd8 19. Qe2 Qd7 {Bartel,M (2657)-Kiolbasa,O (2386) chess.com INT 2024 0-1 (42)}) 5... b6 $146 ({RR} 5... Nc6 6. a3 a5 7. a4 Bd6 8. d3 O-O 9. Na3 e5 10. Nd2 Be6 11. e4 d4 12. Ndc4 Bc7 13. f4 exf4 14. gxf4 Re8 15. Qc2 Qd7 16. Bd2 Rad8 17. e5 Nd5 18. Nb5 dxc3 19. bxc3 Nde7 20. Ncd6 {Maghsoodloo,P (2671)-Moroni,L (2553) Chess.com INT 2019 1-0 (43)}) ({RR} 5... Bd6 6. d3 Nc6 7. Re1 O-O 8. Nbd2 e5 9. e4 d4 10. Nc4 Bc7 11. a4 Re8 12. cxd4 cxd4 13. Bd2 a5 14. Rc1 Rb8 15. Na3 Bd6 16. Nb5 Bb4 17. Re2 h6 18. Ne1 Bg4 19. f3 Be6 20. Bxb4 {Barbosa,C (2038)-Gutierrez,E (1861) Manaus 2014 ½-½ (57)}) 6. a3 Be7 7. d3 O-O 8. b4 Nbd7 9. Bb2 a5 10. b5 Bb7 11. Nbd2 Qc7 12. c4 d4 13. Qc2 e5 14. Rae1 Bd6 15. e3 Rae8 16. Nh4 Bxg2 17. Kxg2 g6 18. Bc1 Nh5 19. e4 Be7 20. Ndf3 Bf6 21. Kg1 Bg7 22. Qe2 Qd8 23. Ng5 h6 24. Nh3 Kh7 25. Qf3 Qf6 26. Qg2 Qd8 27. Kh1 Bf6 28. Nf3 Bg7 29. Nhg1 Nhf6 30. Nh4 Ng8 31. Qh3 Qc8 32. f4 exf4 33. gxf4 Ndf6 34. f5 Ne7 35. Ngf3 Nh5 36. Nxg6 fxg6 37. fxg6+ Nxg6 38. Qxh5 Ne5 39. Bxh6 Nxf3 40. Bxg7+ Kxg7 41. Rxf3 Rxf3 42. Rg1+ Kf6 1-0

[Event "chess.com Speed U20"]
[Site "Chess.com INT"]
[Date "2019.05.31"]
[Round "1.9"]
[White "Maghsoodloo, Parham"]
[Black "Moroni, Luca Jr"]
[Result "1-0"]
[WhiteElo "2671"]
[BlackElo "2553"]
[PlyCount "85"]
[EventDate "2019.05.16"]
[EventType "k.o. (blitz)"]
[EventRounds "4"]
[EventCountry "USA"]
[SourceTitle "EXT 2020"]
[Source "ChessBase"]
[SourceDate "2019.10.17"]
[SourceVersion "1"]
[SourceVersionDate "2019.10.17"]
[SourceQuality "1"]

1. Nf3 d5 2. g3 Nf6 3. Bg2 e6 4. O-O c5 5. c3 ({RR} 5. b3 Nc6 6. Bb2 Bd6 7. d4 O-O 8. c4 dxc4 9. bxc4 Na5 10. Nbd2 cxd4 11. Nxd4 Bd7 12. N4b3 Be7 13. Nxa5 Qxa5 14. Bxb7 Rad8 15. Qc2 Qh5 16. Bxf6 Bxf6 17. Bf3 Qa5 18. Nb3 Qa3 19. Rad1 Ba4 {Meier,G (2613)-Jumabayev,R (2628) Chess.com INT 2022 0-1}) ({RR} 5. a4 Nc6 6. d3 Be7 7. Nbd2 b6 8. e4 Bb7 9. Re1 Qc7 10. exd5 Nxd5 11. Nc4 O-O 12. h4 a6 13. h5 h6 14. c3 Bf6 15. Nh2 b5 16. Ne3 Nxe3 17. Bxe3 Be7 18. Ng4 Rfd8 19. Qe2 Qd7 {Bartel,M (2657)-Kiolbasa,O (2386) chess.com INT 2024 0-1 (42)}) 5... Nc6 ({RR} 5... b6 6. a3 Be7 7. d3 O-O 8. b4 Nbd7 9. Bb2 a5 10. b5 Bb7 11. Nbd2 Qc7 12. c4 d4 13. Qc2 e5 14. Rae1 Bd6 15. e3 Rae8 16. Nh4 Bxg2 17. Kxg2 g6 18. Bc1 Nh5 19. e4 Be7 20. Ndf3 {Maghsoodloo,P (2671)-Moroni,L (2553) Chess.com INT 2019 1-0 (42)}) 6. a3 $146 ({RR} 6. b3 Be7 7. Na3 O-O 8. Nc2 Qc7 9. d4 b6 10. Bf4 Bd6 11. Bxd6 Qxd6 12. Nd2 Bb7 13. Qe1 Rfd8 14. h3 Rac8 15. Rc1 Rc7 16. Rd1 Qe7 17. Kh2 h6 18. Nf3 Rdc8 19. Ne3 Ba6 20. Rg1 cxd4 {Nagy,F (2142)-Bokros,C Nyiregyhaza 2002 ½-½}) 6... a5 7. a4 Bd6 8. d3 O-O 9. Na3 e5 10. Nd2 Be6 11. e4 d4 12. Ndc4 Bc7 13. f4 exf4 14. gxf4 Re8 15. Qc2 Qd7 16. Bd2 Rad8 17. e5 Nd5 18. Nb5 dxc3 19. bxc3 Nde7 20. Ncd6 Bxd6 21. Nxd6 Rf8 22. Rab1 Rb8 23. Be3 b6 24. Be4 Nf5 25. Nxf5 Bxf5 26. Qg2 Bxe4 27. dxe4 Ne7 28. f5 Kh8 29. Bf4 Rb7 30. Kh1 Qxa4 31. Rg1 Rg8 32. e6 Qe8 33. Be5 f6 34. Bd6 Nc6 35. e5 fxe5 36. Bxe5 Re7 37. Bd6 Rb7 38. Rbe1 Ra7 39. Ref1 Ne7 40. Bg3 Ra8 41. Be5 Nc6 42. Bxg7+ Rxg7 43. Qxg7# 1-0

[Event "chess.com Speed U20"]
[Site "Chess.com INT"]
[Date "2019.05.31"]
[Round "1.15"]
[White "Xiong, Jeffery"]
[Black "Smirnov, Anton"]
[Result "1-0"]
[WhiteElo "2679"]
[BlackElo "2567"]
[PlyCount "83"]
[EventDate "2019.05.16"]
[EventType "k.o. (blitz)"]
[EventRounds "4"]
[EventCountry "USA"]
[SourceTitle "EXT 2020"]
[Source "ChessBase"]
[SourceDate "2019.10.17"]
[SourceVersion "1"]
[SourceVersionDate "2019.10.17"]
[SourceQuality "1"]

1. Nf3 d5 2. b3 Bg4 3. Bb2 Nd7 4. g3 Bxf3 5. exf3 Ngf6 6. Bg2 e6 7. O-O Bd6 8. f4 O-O 9. d3 e5 10. fxe5 Bxe5 11. c3 Re8 12. Nd2 c5 $146 ({RR} 12... c6 13. Nf3 Bd6 14. c4 a5 15. Qc2 a4 16. Nd4 Bf8 17. cxd5 Nxd5 18. Bxd5 cxd5 19. bxa4 Nc5 20. Ba3 Rc8 21. Qd1 Qa5 22. Rb1 Qa6 23. Rb5 Nxa4 24. Bxf8 Nc3 25. Qg4 Kxf8 26. Rb3 g6 27. Qf3 {Xiong,J (2679)-Smirnov,A (2567) Chess.com INT 2019 0-1 (37)}) 13. Qc2 Qc7 14. Rfe1 Bd6 15. c4 d4 16. b4 cxb4 17. Nb3 a6 18. Bxd4 Be5 19. Bxe5 Nxe5 20. c5 a5 21. d4 Ned7 22. Qc4 Rad8 23. Qb5 b6 24. cxb6 Qxb6 25. Qxa5 Qxa5 26. Nxa5 Rxe1+ 27. Rxe1 Nb6 28. Nc6 Rd6 29. Rb1 Nbd5 30. Bxd5 Nxd5 31. Nxb4 Nc3 32. Rb3 Ne2+ 33. Kf1 Nxd4 34. Rd3 Kf8 35. a4 Ke8 36. a5 Kd7 37. Rc3 Nb5 38. Rc5 Nc7 39. Ke2 Rd4 40. Nd3 Ra4 41. Rh5 h6 42. Nc5+ 1-0

[Event "chess.com Speed U20"]
[Site "Chess.com INT"]
[Date "2019.05.31"]
[Round "1.17"]
[White "Maghsoodloo, Parham"]
[Black "Moroni, Luca Jr"]
[Result "1-0"]
[WhiteElo "2671"]
[BlackElo "2553"]
[PlyCount "87"]
[EventDate "2019.05.16"]
[EventType "k.o. (blitz)"]
[EventRounds "4"]
[EventCountry "USA"]
[SourceTitle "EXT 2020"]
[Source "ChessBase"]
[SourceDate "2019.10.17"]
[SourceVersion "1"]
[SourceVersionDate "2019.10.17"]
[SourceQuality "1"]

1. g3 Nf6 2. Bg2 d5 3. Nf3 c6 4. O-O Bf5 5. d3 e6 6. Qe1 ({RR} 6. Be3 Nbd7 7. c4 Bd6 8. cxd5 exd5 9. Qb3 Qb8 10. Nc3 O-O 11. Bd4 Re8 12. Rae1 h6 13. Nh4 Be6 14. f4 Bc5 15. Bxc5 Nxc5 16. Qa3 Qd6 17. Na4 b6 18. Nxc5 Qxc5+ 19. Qxc5 bxc5 20. b3 a5 {Benjamin,J (2610)-Van der Sterren,P (2605) Amsterdam 1994 ½-½ (44)}) 6... h6 ({RR} 6... Be7 7. Nh4 Bg4 8. h3 Bh5 9. e4 dxe4 10. dxe4 O-O 11. Nc3 Nbd7 12. f4 Nb6 13. Kh1 Nfd7 14. Nf3 Bxf3 15. Bxf3 e5 16. Qe2 Bb4 17. Bd2 Qe7 18. Rad1 Rad8 19. a3 Bd6 20. f5 Qe8 21. g4 {Chernov,A (2314)-Denisenko,D (1992) chess.com INT 2024 ½-½ (43)}) 7. Nh4 $146 ({RR} 7. Nc3 Bh7 8. e4 Bb4 9. Bd2 O-O 10. Nxd5 exd5 11. Bxb4 Re8 12. e5 Nbd7 13. d4 c5 14. Bxc5 Nxc5 15. dxc5 Nd7 16. Qc3 Rc8 17. b4 Qc7 18. Bh3 Rcd8 19. Rae1 Be4 20. Nd4 Nxe5 21. f3 Bh7 {Sek,Z (2355)-Maniocha,A Warsaw 1987 1-0 (43)}) ({RR} 7. Nc3 Be7 8. e4 Bh7 9. h4 O-O 10. e5 Nfd7 11. Bf4 c5 12. Qd2 Nc6 13. Rae1 Re8 14. Nb5 a6 15. Na3 b5 16. c3 b4 17. Nc2 bxc3 18. bxc3 Rb8 19. Ne3 Bf8 20. g4 Nb6 21. Rd1 d4 {Fedoseev,V (2674)-Yevseev,D (2515) Jurmala 2015 0-1 (46)}) 7... Bh7 8. f4 Nbd7 9. Nc3 Be7 10. e4 O-O 11. e5 Ne8 12. Nf3 Nc7 13. g4 f6 14. exf6 Bxf6 15. g5 hxg5 16. fxg5 Bxc3 17. bxc3 Qe7 18. Qg3 Rxf3 19. Rxf3 Nf8 20. Bf4 Nb5 21. a4 Nxc3 22. Re1 Bg6 23. h4 Bh5 24. Bd6 Qd7 25. Rf2 Ng6 26. Bh3 Re8 27. Be5 d4 28. Kh2 Qd5 29. Bd6 e5 30. Bb4 Nxa4 31. Bg4 Bxg4 32. Qxg4 c5 33. h5 Nf8 34. Bd2 Qd6 35. g6 Nd7 36. Bg5 Nc3 37. Kh3 Nd5 38. Rf7 N7f6 39. Qf5 e4 40. h6 Ne3 41. Rxg7+ Kh8 42. Bxf6 Nxf5 43. Rh7+ Kg8 44. Rh8# 1-0

[Event "chess.com Speed U20"]
[Site "Chess.com INT"]
[Date "2019.05.31"]
[Round "1.19"]
[White "Maghsoodloo, Parham"]
[Black "Moroni, Luca Jr"]
[Result "1-0"]
[WhiteElo "2671"]
[BlackElo "2553"]
[PlyCount "45"]
[EventDate "2019.05.16"]
[EventType "k.o. (blitz)"]
[EventRounds "4"]
[EventCountry "USA"]
[SourceTitle "EXT 2020"]
[Source "ChessBase"]
[SourceDate "2019.10.17"]
[SourceVersion "1"]
[SourceVersionDate "2019.10.17"]
[SourceQuality "1"]

1. Nf3 {ChessBase II} d5 2. g3 Nf6 3. Bg2 g6 4. O-O Bg7 5. d3 O-O 6. Nbd2 c5 7. c3 Nc6 8. a3 ({RR} 8. Qc2 e5 9. e4 d4 10. cxd4 cxd4 11. Nc4 Re8 12. a4 Bg4 13. Bd2 Qd7 14. b4 Bxf3 15. Bxf3 Rac8 16. Qb3 b6 17. Rfc1 Qh3 18. Nd6 Red8 19. Nxf7 Kf8 20. Nxd8 Nxd8 21. Rxc8 Qxc8 22. Rc1 Qd7 {Nasriddinzoda,M (2066)-Ampaire,S (1839) Kazan RUS 2024 1-0 (31)}) 8... a5 ({RR} 8... b6 9. b4 Bb7 10. Bb2 Qc7 11. e4 Rfd8 12. Qc2 Rac8 13. Rac1 dxe4 14. dxe4 Ba6 15. Rfe1 Bd3 16. Qb3 Ng4 17. h3 Nge5 18. Nxe5 Nxe5 19. f4 c4 20. Qd1 Nc6 21. e5 Nxe5 22. fxe5 Bxe5 23. Qf3 {Maghsoodloo,P (2671)-Sarana,A (2636) Chess.com INT 2019 0-1 (39)}) 9. a4 b6 10. e4 $146 ({RR} 10. Re1 e5 11. e4 d4 12. Nc4 Re8 13. Qb3 Rb8 14. cxd4 cxd4 15. Bd2 h6 16. Rac1 Be6 17. Qb5 Bd7 18. Qb3 Be6 19. Qb5 Bd7 20. Nd6 Re6 21. Nxf7 Kxf7 22. Rxc6 Bxc6 23. Nxe5+ Rxe5 24. Qxe5 Rc8 {Maghsoodloo,P (2671)-Moroni,L (2553) Chess.com INT 2019 0-1 (44)}) ({RR} 10. Re1 e6 11. Qc2 Ba6 12. Bf1 Nd7 13. e4 Kh8 14. h4 Rc8 15. Be2 h6 16. Nf1 f5 17. exd5 exd5 18. Ne3 f4 19. Nxd5 fxg3 20. fxg3 Nde5 21. Nf4 Bxd3 22. Bxd3 Nxf3+ 23. Kh1 Nxe1 24. Nxg6+ Kg8 {Karasev,V (2375)-Ivanov,S Leningrad 1983 EXT 2006 [ChessBase II] 1-0 (35)} ({RR} 24... Kh7 25. Nxf8+ Kh8 26. Ng6+ Kh7 27. Nf4+ Qxd3 28. Qxd3+ Nxd3 29. Nxd3 Ne5)) 10... Ba6 11. exd5 Nxd5 12. Nc4 Qc7 13. Qb3 Rad8 14. Re1 Rfe8 15. Bd2 h6 16. Rad1 Bb7 17. h4 e5 18. h5 g5 19. Bc1 Kh7 20. Nfd2 Nde7 21. Qxb6 Qxb6 22. Nxb6 Rxd3 23. Be4+ 1-0

[Event "chess.com Speed U20"]
[Site "Chess.com INT"]
[Date "2019.05.31"]
[Round "1.20"]
[White "Liang, Awonder"]
[Black "Gledura, Benjamin"]
[Result "1-0"]
[WhiteElo "2600"]
[BlackElo "2645"]
[PlyCount "111"]
[EventDate "2019.05.16"]
[EventType "k.o. (blitz)"]
[EventRounds "4"]
[EventCountry "USA"]
[SourceTitle "EXT 2020"]
[Source "ChessBase"]
[SourceDate "2019.10.17"]
[SourceVersion "1"]
[SourceVersionDate "2019.10.17"]
[SourceQuality "1"]

1. Nf3 d5 2. g3 Nf6 3. Bg2 g6 4. O-O Bg7 5. b3 O-O 6. Bb2 c5 7. d3 Nc6 8. Ne5 Nd4 ({RR} 8... Nxe5 9. Bxe5 Be6 10. c4 Qd7 11. Nd2 Rac8 12. Rc1 b6 13. Re1 Rfd8 14. Qc2 Ng4 15. Bxg7 Kxg7 16. Qb2+ Nf6 17. cxd5 Bxd5 18. Nf3 Bxf3 19. Bxf3 Qd4 20. Qa3 a5 21. Rc4 Qe5 22. Rec1 Rd4 23. Qa4 {Nakamura,H (2802)-Kramnik,V (2753) chess.com INT 2024 1-0 (80)}) ({RR} 8... Qc7 9. Nxc6 Qxc6 10. Nd2 Re8 11. c4 e5 12. cxd5 Nxd5 13. Rc1 Be6 14. Ne4 b6 15. b4 Qb5 16. Nd6 Qxb4 17. Nxe8 Rxe8 18. Ba1 Qa5 19. Qc2 Nb4 20. Qd2 Qxa2 21. Bc3 Qxd2 22. Bxd2 a5 23. Rb1 {Schmakel,S (2457)-Tokhirjonova,G (2365) chess.com INT 2024 1-0 (56)}) 9. e3 Nf5 10. Nd2 Re8 $146 ({RR} 10... Ne8 11. c4 Qc7 12. Ndf3 dxc4 13. Nxc4 Bxb2 14. Nxb2 b6 15. Rc1 Bb7 16. b4 Rd8 17. bxc5 bxc5 18. Qc2 Qb8 19. Na4 Qa8 20. Qe2 c4 21. d4 Ned6 22. Nc5 Bd5 23. Rfe1 Ne4 24. Nxe4 Bxe4 25. Rxc4 {Mitrabha,G (2433)-Novik,M (2450) Chess.com INT 2019 1-0 (72)}) 11. Qe2 Nd7 12. f4 Nxe5 13. Bxe5 f6 14. Bb2 d4 15. Nc4 e5 16. e4 Nd6 17. Rf2 Nxc4 18. bxc4 Qd6 19. Raf1 Bd7 20. Bc1 b5 21. cxb5 Bxb5 22. h4 Bd7 23. f5 gxf5 24. exf5 Bc6 25. Be4 Rac8 26. g4 c4 27. g5 cxd3 28. cxd3 Bxe4 29. dxe4 d3 30. Qg4 Rc4 31. Be3 Qc6 32. gxf6 Qxf6 33. Rg2 Kh8 34. Bg5 Qf7 35. f6 Bf8 36. Qg3 Rxe4 37. Qxd3 Rd4 38. Qe3 Bc5 39. Bh6 Rd5 40. Bg7+ Qxg7 41. fxg7+ Kg8 42. Qxc5 Rxc5 43. Rd1 Rc7 44. Rd6 Rxg7 45. Rxg7+ Kxg7 46. Rd7+ Kg6 47. Rxa7 h5 48. Kg2 Kf5 49. a4 Kg4 50. a5 Kxh4 51. a6 Re6 52. Ra8 e4 53. Kf2 e3+ 54. Ke2 Kh3 55. a7 h4 56. Rb8 1-0

[Event "chess.com Speed U20"]
[Site "Chess.com INT"]
[Date "2019.05.16"]
[Round "1.27"]
[White "Xiong, Jeffery"]
[Black "Smirnov, Anton"]
[Result "1-0"]
[WhiteElo "2679"]
[BlackElo "2567"]
[PlyCount "55"]
[EventDate "2019.05.16"]
[EventType "k.o. (blitz)"]
[EventRounds "4"]
[EventCountry "USA"]
[SourceTitle "EXT 2020"]
[Source "ChessBase"]
[SourceDate "2019.10.17"]
[SourceVersion "1"]
[SourceVersionDate "2019.10.17"]
[SourceQuality "1"]

1. Nf3 d5 2. b3 Nf6 3. Bb2 Bg4 4. g3 Bxf3 5. exf3 Nbd7 6. Bg2 e6 7. O-O Bd6 8. f4 O-O 9. d3 e5 $146 ({RR} 9... c6 10. Nd2 Qe7 11. Nf3 Ba3 12. Qc1 Bxb2 13. Qxb2 a5 14. Rfe1 Qb4 15. Ne5 a4 16. a3 Qb6 17. b4 Rad8 18. Rab1 Ne8 19. h4 Nc7 20. c4 Nxe5 21. Qxe5 f6 22. c5 fxe5 23. cxb6 Na8 24. Rxe5 {O'Shaughnessy,C (2189)-Taylor,P (2250) West Bromwich 2004 1-0 (61)}) ({RR} 9... Re8 10. Nd2 a5 11. c4 c6 12. Nf3 e5 13. fxe5 Nxe5 14. Nxe5 Bxe5 15. Bxe5 Rxe5 16. Re1 Rxe1+ 17. Qxe1 Qb6 18. Qc3 d4 19. Qd2 Qb4 20. Rd1 Re8 21. Bh3 Qxd2 22. Rxd2 Re1+ 23. Kg2 c5 24. Bc8 {Suardi,R (2126)-Quiroga,F (2335) Itapetininga 2009 0-1 (43)}) 10. fxe5 Bxe5 11. c3 c6 12. Nd2 Re8 13. Qc2 a5 14. Rfe1 a4 15. Nf3 a3 16. Bc1 Bd6 17. Bd2 Qc7 18. Nd4 Rxe1+ 19. Rxe1 Re8 20. Qd1 Bf8 21. b4 c5 22. bxc5 Nxc5 23. Rxe8 Nxe8 24. Bxd5 Nxd3 25. Qe2 Qd7 26. Bc4 Nb2 27. Bb5 Qf5 28. Nxf5 1-0

[Event "chess.com Speed U20"]
[Site "Chess.com INT"]
[Date "2019.05.16"]
[Round "1.28"]
[White "Liang, Awonder"]
[Black "Gledura, Benjamin"]
[Result "1-0"]
[WhiteElo "2600"]
[BlackElo "2645"]
[PlyCount "81"]
[EventDate "2019.05.16"]
[EventType "k.o. (blitz)"]
[EventRounds "4"]
[EventCountry "USA"]
[SourceTitle "EXT 2020"]
[Source "ChessBase"]
[SourceDate "2019.10.17"]
[SourceVersion "1"]
[SourceVersionDate "2019.10.17"]
[SourceQuality "1"]

1. Nf3 d5 2. g3 g6 3. Bg2 Bg7 4. O-O e5 5. c4 c6 6. cxd5 cxd5 7. Nc3 Ne7 8. d3 O-O ({RR} 8... Nbc6 9. Bg5 f6 10. Bd2 Be6 11. Na4 b6 12. Rc1 O-O 13. b4 Qd7 14. b5 Nd8 15. Qb3 Nf7 16. Rc2 Rfc8 17. Rfc1 Rxc2 18. Rxc2 Rc8 19. Ne1 d4 20. Qb2 Bf8 21. Rxc8 Qxc8 22. Nc2 Nd5 23. h4 {Adly,A (2615)-Landa,K (2628) Chess.com INT 2020 0-1 (44)}) 9. Bd2 Nbc6 10. Qc1 $146 ({RR} 10. Rc1 h6 11. Qb3 Be6 12. Qa3 f5 13. e3 e4 14. Nd4 Nxd4 15. exd4 Nc6 16. dxe4 fxe4 17. Be3 Nxd4 18. Rfd1 Nf3+ 19. Bxf3 exf3 20. Qc5 Kh8 21. Nxd5 Rc8 22. Nc7 Qf6 23. Bd4 Qf7 24. Re1 Rxc7 {Yoo,C (2573)-Korchmar,V (2438) chess.com INT 2022 1-0}) ({RR} 10. a3 d4 11. Ne4 Nd5 12. Rc1 h6 13. Qb3 Kh7 14. Nc5 Nce7 15. Nxb7 Bxb7 16. Qxb7 Qd6 17. Bb4 Nxb4 18. Qxb4 Qxb4 19. axb4 Rab8 20. Rc4 Nd5 21. Nxe5 Rxb4 22. Bxd5 Bxe5 23. Rxb4 {1-0 (23) Astafurov,A (2263)-Gandhi,A (2028) chess.com INT 2025}) ({RR} 10. Rc1 h6 11. a3 Be6 12. Na4 b6 13. b4 Qd7 14. b5 Nd8 15. Qb3 Nb7 16. Qb1 Nd6 17. Bb4 Rfe8 18. Nc3 Nxb5 19. Nxb5 Qxb5 20. Rc7 Nc6 21. Bd6 Qxb1 22. Rxb1 Rac8 23. Rc1 Rxc7 24. Bxc7 Bd7 {Migot,T (2353)-Korchmar,V (2450) Chess.com INT 2022 0-1}) 10... Re8 11. Bh6 Bh8 12. h4 Nf5 13. Bg5 f6 14. Bd2 Be6 15. h5 Rc8 16. hxg6 hxg6 17. Qd1 Bg7 18. e4 dxe4 19. dxe4 Nfd4 20. Nxd4 Nxd4 21. Nd5 Bxd5 22. exd5 e4 23. Bc3 Nb5 24. Qb3 Nxc3 25. bxc3 f5 26. Rad1 Qd6 27. c4 b6 28. Rd2 Rc5 29. g4 f4 30. Re1 f3 31. Bxf3 Qf4 32. Rde2 Rf8 33. Bg2 Bd4 34. Rf1 Re8 35. Qa4 Re7 36. d6 e3 37. dxe7 exf2+ 38. Rexf2 Bxf2+ 39. Rxf2 Qc1+ 40. Bf1 Qe3 41. e8=Q+ 1-0

[Event "chess.com Speed U20"]
[Site "Chess.com INT"]
[Date "2019.07.18"]
[Round "3.1"]
[White "Maghsoodloo, Parham"]
[Black "Xiong, Jeffery"]
[Result "1-0"]
[WhiteElo "2671"]
[BlackElo "2679"]
[PlyCount "57"]
[EventDate "2019.05.16"]
[EventType "k.o. (blitz)"]
[EventRounds "4"]
[EventCountry "USA"]
[SourceTitle "EXT 2020"]
[Source "ChessBase"]
[SourceDate "2019.10.17"]
[SourceVersion "1"]
[SourceVersionDate "2019.10.17"]
[SourceQuality "1"]

1. Nf3 d5 2. g3 Nd7 3. Bg2 e5 4. d3 Bd6 ({RR} 4... Ngf6 5. c4 dxc4 6. dxc4 Bc5 7. O-O e4 8. Ng5 e3 9. f4 O-O 10. Nc3 Nb6 11. b3 h6 12. Nf3 Bf5 13. Nh4 Qxd1 14. Nxd1 Bg4 15. Bxe3 Nbd7 16. Bxb7 Rab8 17. Bf3 Bh3 18. Re1 Rfe8 19. Bxc5 {Khotenashvili,B (2420)-Kazakouski,V (2562) chess.com INT 2025 1-0 (53)}) 5. c3 ({RR} 5. O-O c6 6. c4 Ne7 7. e4 dxc4 8. dxc4 Nf6 9. Nc3 O-O 10. Bg5 Ng6 11. h3 Qe7 12. Rc1 Rd8 13. Qe2 h6 14. Be3 Bc5 15. Bd2 Be6 16. a3 Qd7 17. Kh2 Qd3 18. Qxd3 Rxd3 19. b4 Bd4 {Grischuk,A (2777)-Xiong,J (2709) chess24.com INT 2020 0-1 (51)}) ({RR} 5. O-O Ne7 6. e4 d4 7. Nbd2 c5 8. Nc4 Bc7 9. a4 Nc6 10. c3 O-O 11. cxd4 cxd4 12. Bd2 a5 13. Qe2 Nc5 14. Nh4 Be6 15. Nf5 Bxc4 16. dxc4 g6 17. Nh6+ Kg7 18. h4 Nb3 19. Ra3 Nxd2 {Marek,M (2330)-Xiong,J (2692) chess.com INT 2023 0-1 (39)}) 5... Ne7 6. Nbd2 $146 ({RR} 6. b4 a5 7. b5 a4 8. Ba3 Nb6 9. O-O O-O 10. Nfd2 Bg4 11. h3 Bh5 12. c4 Bxa3 13. Nxa3 Qd6 14. Qc1 Qe6 15. cxd5 Nbxd5 16. Re1 Rfc8 17. Nac4 c6 18. Rb1 c5 19. Ne4 b6 20. Qg5 Bg6 {Maghsoodloo,P (2671)-Xiong,J (2679) Chess.com INT 2019 1-0 (34)}) 6... O-O 7. O-O a5 8. b3 a4 9. b4 c5 10. bxc5 Nxc5 11. d4 Nd7 12. e4 exd4 13. cxd4 Nb6 14. Rb1 Nc6 15. Bb2 Re8 16. exd5 Nxd5 17. Nc4 Bf5 18. Rc1 Ncb4 19. Nfe5 Bxe5 20. dxe5 Nd3 21. Nd6 N5b4 22. Nxf5 Nxb2 23. Qg4 g6 24. Nh6+ Kg7 25. Nxf7 Qb6 26. Nd6 Rxe5 27. Qd7+ Kg8 28. Qf7+ Kh8 29. Qf6+ 1-0